| 000 | 00636nam a2200205Ia 4500 | ||
|---|---|---|---|
| 003 | IN-BaIIA | ||
| 008 | 211028s9999 xx 000 0 eng d | ||
| 040 | _cIIA Library | ||
| 080 |
_a539.18 _bMIT |
||
| 100 |
_aMitchell, Allan C. G. _91879 |
||
| 245 | 0 |
_aResonance radiation and excited atoms _cAllan C. Mitchell G. and Mark W. Zemansky |
|
| 260 |
_aCambridge _bCambridge University Press _c1934 |
||
| 300 | _axvu, 338p. | ||
| 490 | _aThe Cambridge Series of Physical Chemistry | ||
| 500 | _aDonated by Mrs. Bappu | ||
| 650 |
_aAtomic Physics _91547 |
||
| 650 | _aNASA Thesaurus | ||
| 700 |
_aZemansky, Mark W. _91880 |
||
| 942 | _cBK | ||
| 999 |
_c7594 _d7594 |
||